[Event "Esbjerg 100 Years Weekend"]
[Site "Esbjerg"]
[Date "2022.10.22"]
[Round "5"]
[White "Sandmann, Villads Majvang"]
[Black "Loveid, Erik"]
[Result "0-1"]
[WhiteElo "1761"]
[BlackElo "1913"]
[PlyCount "128"]
[EventDate "2022.10.21"]
[EventType "swiss"]
[EventRounds "7"]
[EventCountry "DEN"]
[SourceTitle "EXT 2024"]
[Source "ChessBase"]
[SourceDate "2023.10.10"]
[SourceVersion "1"]
[SourceVersionDate "2023.10.10"]
[SourceQuality "1"]

1. e4 c5 2. Nf3 e6 3. d4 cxd4 4. Nxd4 Nc6 5. Nc3 Qc7 6. Be3 a6 7. g3 Nf6 8. Bg2 Bb4 9. 0-0 Bxc3 10. bxc3 Ne5 11. Bf4 d6 12. Bxe5 dxe5 13. Ne2 Bd7 14. Rb1 Bb5 15. Re1 0-0 16. Qc1 Rac8 17. Qb2 Rfd8 18. a4 Bxa4 19. Qxb7 Bxc2 20. Qxc7 Rxc7 21. Rb6 Bxe4 22. Bxe4 Nxe4 23. Rxa6 Nxc3 24. Nxc3 Rxc3 25. Rxe5 Rc7 26. Rea5 g6 27. Ra8 Rxa8 28. Rxa8+ Kg7 29. f4 Rc2 30. Ra7 h5 31. h4 Kf6 32. Rb7 Rc5 33. Kg2 e5 34. fxe5+ Rxe5 35. Kf3 Re7 36. Rb6+ Kf5 37. Rb5+ Re5 38. Rb4 f6 39. Rb6 Rc5 40. Rb3 g5 41. hxg5 fxg5 42. Rb4 Rc3+ 43. Kg2 Re3 44. Rb5+ Re5 45. Rb4 g4 46. Kf2 Kg5 47. Rc4 Kf5 48. Rf4+ Ke6 49. Ra4 Rc5 50. Ke3 Kf5 51. Rf4+ Kg5 52. Ra4 Rf5 53. Ke2 h4 54. gxh4+ Kxh4 55. Ra8 Kg3 56. Rg8 Kh3 57. Rh8+ Kg2 58. Ke3 g3 59. Rh7 Kg1 60. Rg7 g2 61. Ke2 Ra5 62. Re7 Rh5 63. Kf3 Kh1 64. Kg4 Rh8 0-1

[Event "Odense-ch"]
[Site "Odense"]
[Date "2022.10.14"]
[Round "5"]
[White "Sandmann, Villads Majvang"]
[Black "Nielsen, Aage Sondergaard"]
[Result "1-0"]
[WhiteElo "1761"]
[BlackElo "1837"]
[PlyCount "97"]
[EventDate "2022.10.14"]
[EventType "swiss"]
[EventRounds "5"]
[EventCountry "DEN"]
[SourceTitle "CBM 210 Extra"]
[Source "ChessBase"]
[SourceDate "2022.11.30"]
[SourceVersion "1"]
[SourceVersionDate "2022.11.30"]
[SourceQuality "1"]

1. e4 e5 2. Nf3 Nc6 3. Bb5 Nf6 4. d3 d6 5. 0-0 Be7 6. c3 0-0 7. h3 Bd7 8. Re1 Re8 9. Bg5 h6 10. Bxf6 Bxf6 11. Nbd2 g5 12. g4 Ne7 13. Bxd7 Qxd7 14. d4 Ng6 15. Nc4 exd4 16. cxd4 Nf4 17. Kh2 b5 18. Na3 h5 19. Ng1 Kg7 20. gxh5 Rh8 21. Qg4 Qe8 22. e5 dxe5 23. dxe5 Be7 24. Re4 Rxh5 25. Nc2 Qc6 26. Rxf4 Rh4 27. Qf3 Qxf3 28. Rxf3 Rd8 29. Ne3 Kf8 30. Rd1 Rhd4 31. Rxd4 Rxd4 32. Nf5 Rd2 33. Nxe7 Kxe7 34. Rb3 c6 35. Kg3 a5 36. Nf3 Rd5 37. Nxg5 Rxe5 38. Re3 f6 39. Rxe5+ fxe5 40. h4 c5 41. Kf3 c4 42. Ke3 a4 43. h5 b4 44. Kd2 Kf6 45. h6 Kg6 46. h7 Kg7 47. a3 c3+ 48. bxc3 bxa3 49. Kc2 1-0